|
|
|
|
| LEADER |
00000cam a2200000 4500 |
| 001 |
vtls009240638 |
| 003 |
SK-MaSNL |
| 005 |
20260301081538.0 |
| 008 |
220512s1990 xo gr 000 f hun |
| 015 |
|
|
|a SNBA1990
|
| 020 |
|
|
|a 9631542203
|q (Szépirodalmi Könyvkiadó)
|q (brožované)
|
| 020 |
|
|
|a 8009002399
|q (Madách)
|q (brožované)
|
| 035 |
|
|
|a LVTK49329
|
| 035 |
|
|
|a urn:nbn:sk:snk-am3j5rn
|
| 035 |
|
|
|a 088EDE00-9859-45EC-A7FA-6EE477CB8C71
|
| 035 |
|
|
|a urn:nbn:sk:snk-am00ghji
|
| 040 |
|
|
|a SNK
|b slo
|a SNK
|e rda
|c SNK
|
| 041 |
0 |
|
|a hun
|
| 044 |
|
|
|a xo
|c SK
|a hu
|c HU
|
| 072 |
|
7 |
|a 821.511.1
|x Ugrofínske literatúry
|2 konspekt
|
| 080 |
|
|
|a 821.511.141-31
|2 2011
|
| 080 |
|
|
|a 82-312.1
|2 2011
|
| 080 |
|
|
|a 316.472.4
|2 2011
|
| 100 |
1 |
|
|a Jósika, Miklós
|4 aut
|9 276375
|
| 245 |
1 |
0 |
|a Abafi
|c Miklós Jósika ; a szöveget gondozta és a jegyzetek írta Zsuzsanna Tamás
|
| 264 |
|
1 |
|a Bratislava
|b Madách
|a Budapest
|b Szépirodalmi Könyvkiadó
|c 1990
|
| 300 |
|
|
|a 301 strán
|c 19 cm
|
| 366 |
|
|
|e 1000 kusov
|
| 650 |
0 |
7 |
|a interpersonálne vzťahy
|2 SNKPH
|9 3770
|
| 650 |
0 |
7 |
|a Interpersonal relations
|2 SNKPHeng
|9 278058
|
| 655 |
|
7 |
|a maďarské romány
|2 SNKPH
|9 70321
|
| 655 |
|
7 |
|a Hungarian fiction
|2 SNKPHeng
|9 277893
|
| 655 |
|
7 |
|a filozofické romány
|2 SNKPH
|9 1576
|
| 655 |
|
7 |
|a Philosophical novels
|2 SNKPHeng
|9 367423
|
| 700 |
1 |
|
|a Tamás Zsuzsanna
|4 com
|4 cwt
|9 404997
|
| 919 |
|
|
|a 963-15-4220-3 (Szépirodalmi Könyvkiadó)
|
| 919 |
|
|
|a 80 09 00239 9 (Madách)
|
| 954 |
|
|
|a beletria cudzojazyčná (svetová)
|2 lita
|
| 958 |
|
|
|a LX
|
| 958 |
|
|
|a HU
|
| 958 |
|
|
|a OND
|
| 999 |
|
|
|c 656158
|d 658088
|
| 952 |
|
|
|a SNK
|b SNK
|y PREZ
|7 0
|p 17A1389825
|o snkSD 88563
|i snk2019/24711
|8 7
|0 0
|1 0
|4 0
|d 2019-10-02
|f 1
|l 0
|r 2026-02-23 18:37:01
|w 2026-02-23
|